Musicians by their real/birth names - Statistics

General Stats
  • This quiz has been taken 23 times
  • The average score is 2 of 8
Answer Stats
Hint Answer % Correct
Farrokh Bulsara Freddie Mercury
100%
David Jones David Bowie
82%
Nathan Jordison Joey Jordison
14%
Matti Fagerholm Michael Monroe
9%
Joseph Poole Wednesday 13
9%
Christopher Boyle Christopher Cornell
5%
Joe Hill Dusty Hill
0%
Petrus Ratajczyk Peter Steele
0%
No matching quizzes found
Score Distribution
Percent of People with Each Score
Percentile by Number Answered
Your Score History
You have not taken this quiz